Statistics for Liverpool Current Squad

Click here to take the quiz!

General Stats

  • This quiz has been taken 18,983 times
    (2,869 since last reset)
  • The average score is 24 of 43

Answer Stats

#Player% Correct
11Mohamed Salah
98%
4Virgil van Dijk
97%
1Alisson Becker
96%
9Darwin Núñez
95%
66Trent Alexander-Arnold
91%
26Andrew Robertson
90%
7Luis Díaz
89%
10Alexis Mac Allister
86%
5Ibrahima Konaté
82%
2Joe Gomez
82%
ManagerJürgen Klopp
81%
8Dominik Szoboszlai
80%
3Wataru Endō
80%
18Cody Gakpo
78%
20Diogo Jota
75%
62Caoimhín Kelleher
73%
32Joël Matip
73%
19Harvey Elliott
72%
6Thiago Alcântara
70%
84Conor Bradley
69%
17Curtis Jones
69%
21Kostas Tsimikas
68%
78Jarell Quansah
59%
13Adrián
57%
38Ryan Gravenberch
54%
76Jayden Danns
48%
42Bobby Clark
42%
50Ben Doak
38%
43Stefan Bajcetic
34%
53James McConnell
29%
67Lewis Koumas
26%
46Rhys Williams
24%
49Kaide Gordon
22%
47Nathaniel Phillips
22%
98Trey Nyoni
22%
28Fábio Carvalho
21%
63Owen Beck
21%
22Calvin Ramsay
17%
48Calum Scanlon
12%
72Sepp van den Berg
12%
80Tyler Morton
12%
45Marcelo Pitaluga
10%
44Luke Chambers
7%

Score Distribution

Percentile by Number Answered

Percent of People with Each Score

Your Score History

You have not taken this quiz since the last reset